01695cam a2200313 a 450000100090000000300040000900500170001300800410003003500210007104000180009204200100011004300120012008200210013211000660015324501610021924600390038024600450041926000440046430000360050844000070054450000360055150000350058750000350062250505900065765000320124765100250127965100350130471000420133912358843OSt20230602145544.0010214s2001 ke ab s f000 0 eng  a(DLC) 00379347 aDLCcDLCdDLC alcode af-ke--- a304.6096762bKEN bCentral Bureau of Statistics Ministry of Finance and Planning04aThe 1999 population & housing census :bcounting our people for development /c[prepared by Central Bureau of Statistics, Ministry of Finance and Planning].14a1999 population and housing census14aKenya 1999 population and housing census a[Nairobi] :bThe Bureau,c[2001]-c2004. aXVII,363pbill., maps ;c29 cm. vII a"January 2001"--Vols. 1-2, t.p. a"August 2002"--Vols 3-11, t.p. aSubtitle lacking in vols 3-11.1 av. 1. Population distribution by administrative areas and urban centres -- v. 2. Socio-economic profile of the population -- v. 3. The population dynamics of Kenya : analytical report -- v. 4. Analytical report on fertility and nuptiality -- v. 5. Analytical report on mortality -- v. 6. Analytical report on migration and urbanisation -- v. 7. Analytical report on population projections -- v. 8. Analytical report on education -- v. 9. The labour force monograph -- v. 10. Analytical report on housing conditions and social amenities -- v. 11. Analytical report on gender dimensions. 0aHousingzKenyavStatistics. 0aKenyaxCensus, 1999. 0aKenyaxPopulationvStatistics.1 aKenya.bCentral Bureau of Statistics.